Fine Arts - Classical Music | 0 | 9 | 1 | 1 | 85 | 41 | 88.89 | 2 | 4 |
Literature - World Literature | 0 | 9 | 2 | 1 | 80 | 58 | 91.33 | 2 | 7 |
Fine Arts - Painting & Sculpture | 0 | 7 | 2 | 0 | 60 | 41 | 88.86 | 2 | 4 |
Literature - European Literature | 0 | 6 | 1 | 0 | 55 | 62 | 92.67 | 3 | 5 |
Philosophy | 0 | 5 | 0 | 1 | 50 | 66 | 100.40 | 1 | 3 |
Mythology | 0 | 5 | 1 | 0 | 45 | 71 | 93.40 | 0 | 3 |
Literature - British Literature | 0 | 5 | 1 | 0 | 45 | 20 | 78.80 | 2 | 3 |
Literature - American Literature | 0 | 4 | 0 | 1 | 40 | 103 | 123.50 | 0 | 2 |
Science - Other Science | 0 | 3 | 0 | 0 | 30 | 12 | 89.00 | 1 | 2 |
Religion | 0 | 3 | 0 | 0 | 30 | 37 | 75.67 | 1 | 2 |
Science - Biology | 0 | 2 | 0 | 0 | 20 | 82 | 84.00 | 0 | 2 |
Other | 0 | 2 | 0 | 0 | 20 | 93 | 101.00 | 0 | 2 |
Fine Arts - Other Fine Arts | 0 | 2 | 0 | 0 | 20 | 74 | 90.00 | 0 | 2 |
Science - Chemistry | 0 | 1 | 0 | 0 | 10 | 117 | 117.00 | 0 | 0 |
Social Science | 0 | 1 | 0 | 0 | 10 | 91 | 91.00 | 0 | 1 |
Science - Physics | 0 | 1 | 1 | 0 | 5 | 96 | 96.00 | 0 | 1 |
History - European History | 0 | 0 | 1 | 0 | -5 | | 0.00 | 0 | 0 |